000 00531nam a22002057a 4500
005 20191106145401.0
008 191106b xxu||||| |||| 00| 0 eng d
020 _a9788175724563
_cRs. 75.00
040 _aLoreto College
041 _aBengali
082 _a891.44B
_bOJH-MIT
100 _aMitra,Gouri
245 _aKrittibas Ojha
_cGouri Mitra
260 _aKolkata
_bGranthatirtha
_c2016
300 _a96 p.
_b24 cm.
600 _aOjha, Krittibas
650 _aBiography in Bengali
850 _aLCLIB
942 _cBK
999 _c42432
_d92911